000 00599cam a22002053a 4500
001 38353
003 PGUSA
005 20140828083839.0
008 111220s2011||||xxu|||||s|||||000 | eng d
040 _aPGUSA
_beng
042 _adc
100 1 _aFinley, Martha,
_d1828-1909
245 1 0 _aElsie's Widowhood :
_bA Sequel to Elsie's Children
_h[electronic resource] /
_cMartha Finley
260 _bProject Gutenberg,
_c2011
506 _aPublic domain in the USA.
516 _aElectronic text
830 0 _aProject Gutenberg
_v38353
856 4 0 _uhttp://www.gutenberg.org/ebooks/38353
942 _cEB
999 _c267607
_d267607